Zmeny zákona o daniach z príjmov v roku 2003

Zmeny v zákone o daniach z príjmov účinné v roku 2003.

Gespeichert in:
Bibliographische Detailangaben
1. Verfasser: Líšková, Katarína
Format: Buchkapitel
Sprache:Slowakisch
Schlagworte:
Tags: Tag hinzufügen
Keine Tags, Fügen Sie das erste Tag hinzu!

MARC

LEADER 00000naa$a2200000$$$4500
001 0004840
005 20230919094506.4
041 0 |a slo 
044 |a SK 
245 1 0 |a Zmeny zákona o daniach z príjmov v roku 2003  |c aut. Katarína Líšková 
520 |a Zmeny v zákone o daniach z príjmov účinné v roku 2003. 
610 2 0 |a dane z príjmov 
610 2 0 |a zákony 
610 2 0 |a 2003 
100 1 |a Líšková, Katarína